[Event "Moscow VAO IM 05"]
[Site "Moscow"]
[Date "2015.05.28"]
[Round "?"]
[White "Galkin, Vladimir"]
[Black "Erzhanov, Arman"]
[Result "0-1"]
[WhiteElo "2077"]
[BlackElo "2240"]
[PlyCount "76"]
[EventDate "2015.05.28"]
[EventType "tourn"]
[EventRounds "9"]
[EventCountry "RUS"]
[SourceTitle "EXT 2016"]
[Source "ChessBase"]
[SourceDate "2015.10.08"]
[SourceVersion "1"]
[SourceVersionDate "2015.10.08"]
[SourceQuality "1"]

1. e4 c5 2. Nf3 Nc6 3. d4 cxd4 4. Nxd4 Nf6 5. Nc3 e5 6. Ndb5 d6 7. Bg5 a6 8. Na3 b5 9. Nd5 Be7 10. Bxf6 Bxf6 11. Qd3 0-0 12. Be2 Bg5 13. c3 Rb8 14. Nc2 a5 15. a3 Ne7 16. Nce3 Bxe3 17. Nxe3 Be6 18. Rd1 Rb6 19. 0-0 Qc7 20. Rd2 Rd8 21. c4 bxc4 22. Nxc4 Rbb8 23. Qc3 a4 24. Rfd1 Bxc4 25. Bxc4 Rbc8 26. Rc2 Qa7 27. Qh3 Rc5 28. b4 axb3 29. Qxb3 Nc6 30. Qa2 Nd4 31. Rb2 Rdc8 32. Rdb1 g6 33. Rb4 Kg7 34. h3 R8c7 35. a4 Ra5 36. Bd5 Rc2 37. Qa3 Ne2+ 38. Kf1 Nc3 0-1

[Event "Moscow VAO IM 03"]
[Site "Moscow"]
[Date "2015.??.??"]
[Round "?"]
[White "Drogovoz, Maria"]
[Black "Galkin, Vladimir"]
[Result "0-1"]
[WhiteElo "1991"]
[BlackElo "2077"]
[PlyCount "82"]
[EventDate "2015.03.??"]
[EventType "tourn"]
[EventRounds "11"]
[EventCountry "RUS"]
[EventCategory "1"]
[SourceTitle "EXT 2016"]
[Source "ChessBase"]
[SourceDate "2015.10.08"]
[SourceVersion "1"]
[SourceVersionDate "2015.10.08"]
[SourceQuality "1"]

1. e4 c5 2. Nf3 d6 3. d4 cxd4 4. Nxd4 Nf6 5. Nc3 g6 6. f3 Bg7 7. Be3 0-0 8. Qd2 Nc6 9. g4 Be6 10. Nxe6 fxe6 11. g5 Ne8 12. f4 Qa5 13. Bh3 Nc7 14. 0-0 Rab8 15. a3 Bxc3 16. bxc3 Qa4 17. Bxe6+ Nxe6 18. Qd5 Ncd8 19. f5 gxf5 20. exf5 Qc6 21. Qb3 Qe4 22. Bxa7 Ra8 23. fxe6 Rxf1+ 24. Rxf1 Rxa7 25. Qb6 Ra8 26. Qf2 Nxe6 27. Qf7+ Kh8 28. Qxe7 Rg8 29. Qf6+ Rg7 30. Kf2 Qxc2+ 31. Ke3 Qg6 32. h4 Qe8 33. Kd2 Nc5 34. Re1 Qf7 35. Qxd6 Qf2+ 36. Kd1 Qf3+ 37. Kd2 Rd7 38. Re8+ Kg7 39. Re7+ Qf7 40. Rxd7 Qxd7 41. Qxd7+ Nxd7 0-1

[Event "Moscow VAO IM 10"]
[Site "Moscow"]
[Date "2015.??.??"]
[Round "?"]
[White "Galkin, Vladimir"]
[Black "Vdovin, Vadim"]
[Result "0-1"]
[WhiteElo "2077"]
[BlackElo "2377"]
[PlyCount "176"]
[EventDate "2015.10.22"]
[EventType "tourn"]
[EventRounds "13"]
[EventCountry "RUS"]
[EventCategory "12"]
[SourceTitle "EXT 2017"]
[Source "ChessBase"]
[SourceDate "2016.10.25"]
[SourceVersion "1"]
[SourceVersionDate "2016.10.25"]
[SourceQuality "1"]

1. e4 e5 2. Nf3 Nc6 3. Bb5 a6 4. Ba4 Nf6 5. 0-0 Be7 6. Re1 b5 7. Bb3 0-0 8. c3 d5 9. exd5 e4 10. dxc6 exf3 11. Qxf3 Bg4 12. Qg3 Re8 13. d4 Bd6 14. f4 Bf5 15. Be3 Be4 16. Nd2 Bxc6 17. Nf3 Nd5 18. Ne5 Bb7 19. Qf3 Bf8 20. Bf2 Rb8 21. Qh5 g6 22. Qg4 f6 23. Nd3 Kg7 24. f5 Qd7 25. Re6 Rxe6 26. fxe6 Qc6 27. Re1 Re8 28. Bh4 h5 29. Qh3 Be7 30. Bxd5 Qxd5 31. Nf4 Qd6 32. Rf1 Rh8 33. Qd3 Rh6 34. Bg3 Qc6 35. d5 Qc5+ 36. Bf2 Qd6 37. Bg3 Qc5+ 38. Bf2 Qd6 39. Bd4 g5 40. Qg3 Kf8 41. Nh3 Qxd5 42. Qxg5 Qxg5 43. Nxg5 Rg6 44. Nf3 Bd5 45. g3 Ke8 46. Nh4 Rh6 47. Nf5 Rg6 48. Nh4 Rh6 49. Re1 Bxa2 50. Nf5 Rg6 51. Nxe7 Kxe7 52. Bc5+ Ke8 53. e7 Rg5 54. b4 Bd5 55. Rd1 Kf7 56. Kf2 Rf5+ 57. Ke3 Re5+ 58. Kd4 Bc6 59. Ra1 Bb7 60. Rf1 a5 61. Kd3 a4 62. Rf2 Bd5 63. Bd4 Bc4+ 64. Kd2 Rxe7 65. Rxf6+ Ke8 66. Ra6 Re2+ 67. Kd1 Rxh2 68. Kc1 Kd7 69. Be5 c6 70. Bf4 Rf2 71. Bb8 Bb3 72. Be5 Ke6 73. Bd4 Rc2+ 74. Kb1 Kd5 75. Ra8 Rg2 76. Rh8 Rh2 77. Rd8+ Ke4 78. Re8+ Kd3 79. Ra8 Bd5 80. Kc1 Kc4 81. Rf8 a3 82. Rf2 Rh1+ 83. Kc2 Be4+ 84. Kd2 a2 85. Rf4 a1Q 86. Rxe4 Qb2+ 87. Ke3 Re1+ 88. Kf4 Rxe4+ 0-1

[Event "Moscow VAO IM 10"]
[Site "Moscow"]
[Date "2015.??.??"]
[Round "?"]
[White "Martynyuk, Elizaveta"]
[Black "Galkin, Vladimir"]
[Result "1-0"]
[WhiteElo "2084"]
[BlackElo "2077"]
[PlyCount "87"]
[EventDate "2015.10.22"]
[EventType "tourn"]
[EventRounds "13"]
[EventCountry "RUS"]
[EventCategory "12"]
[SourceTitle "EXT 2017"]
[Source "ChessBase"]
[SourceDate "2016.10.25"]
[SourceVersion "1"]
[SourceVersionDate "2016.10.25"]
[SourceQuality "1"]

1. e4 c5 2. Nf3 d6 3. d4 cxd4 4. Nxd4 Nf6 5. Nc3 g6 6. Be3 Bg7 7. f3 0-0 8. Qd2 Nc6 9. g4 Be6 10. Nxe6 fxe6 11. 0-0-0 Ne8 12. f4 Qa5 13. Bc4 Nc7 14. Nb5 Qa4 15. Nxc7 Qxc4 16. b3 Qxe4 17. Nxa8 Nb4 18. c4 Bc3 19. Qf2 Nxa2+ 20. Qxa2 Qxe3+ 21. Kb1 Rxa8 22. Qc2 Bg7 23. Rhe1 Qxf4 24. Rxe6 Bf6 25. Qg2 Rf8 26. Re4 Qg5 27. Rd5 Be5 28. Re2 Rf4 29. Re4 Rf7 30. Rd1 Qh6 31. Re2 Qh4 32. c5 Rf4 33. cxd6 exd6 34. Qd5+ Kg7 35. Rxe5 dxe5 36. Qxe5+ Qf6 37. Rd7+ Kg8 38. Qb8+ Qf8 39. Rd8 Rf1+ 40. Kc2 Rf2+ 41. Kd3 Rf3+ 42. Ke4 Rf4+ 43. Ke5 Qxd8 44. Qxd8+ 1-0

[Event "Moscow VAO FM 07"]
[Site "Moscow"]
[Date "2014.07.08"]
[Round "3"]
[White "Fominykh, Maria"]
[Black "Galkin, Vladimir"]
[Result "0-1"]
[WhiteElo "2296"]
[BlackElo "2149"]
[PlyCount "108"]
[EventDate "2014.07.07"]
[EventType "tourn"]
[EventRounds "9"]
[EventCountry "RUS"]
[EventCategory "1"]
[SourceTitle "EXT 2015"]
[Source "ChessBase"]
[SourceDate "2014.11.20"]
[SourceVersion "1"]
[SourceVersionDate "2014.11.20"]
[SourceQuality "1"]

1. d4 Nf6 2. Nf3 d5 3. c4 dxc4 4. Nc3 a6 5. a4 Nc6 6. e3 Na5 7. Ne5 Be6 8. Be2 g6 9. Bf3 c6 10. 0-0 Bg7 11. Rb1 0-0 12. e4 Nd7 13. Ng4 Nb3 14. Nh6+ Kh8 15. Be3 f5 16. d5 f4 17. dxe6 fxe3 18. Nf7+ Rxf7 19. exf7 Nd2 20. fxe3 Nxf1 21. Qxf1 Ne5 22. Be2 b5 23. Qf4 Qd2 24. axb5 axb5 25. Bg4 Rf8 26. Be6 Qd6 27. Bh3 Rxf7 28. Qg3 Rf8 29. Ne2 Nd3 30. Qxd6 exd6 31. Bd7 Ne5 32. Be6 Rf6 33. Ra1 Bh6 34. Ra8+ Rf8 35. Rxf8+ Bxf8 36. Nd4 Bh6 37. Kf2 Nd3+ 38. Ke2 Nxb2 39. Nxc6 Na4 40. Nd4 Nc3+ 41. Kd2 Nxe4+ 42. Kc2 Nc5 43. Bd5 Na6 44. Kc3 Bg7 45. Bc6 Nc7 46. h4 Bf6 47. g4 h6 48. Kb4 Bxd4 49. exd4 g5 50. hxg5 hxg5 51. Ka5 Kg7 52. Kb6 c3 53. Be4 b4 54. Bc2 Nd5+ 0-1

[Event "Moscow VAO IM 04"]
[Site "Moscow"]
[Date "2014.04.??"]
[Round "9"]
[White "Galkin, Vladimir"]
[Black "Rozanov, Pavel B"]
[Result "0-1"]
[WhiteElo "2125"]
[BlackElo "2238"]
[PlyCount "100"]
[EventDate "2014.04.16"]
[EventType "tourn"]
[EventRounds "13"]
[EventCountry "RUS"]
[SourceTitle "EXT 2015"]
[Source "ChessBase"]
[SourceDate "2014.11.20"]
[SourceVersion "1"]
[SourceVersionDate "2014.11.20"]
[SourceQuality "1"]

1. e4 Nf6 2. e5 Nd5 3. d4 d6 4. Nf3 dxe5 5. Nxe5 c6 6. c4 Nf6 7. Nc3 g6 8. Be2 Bg7 9. h4 h5 10. Bf4 Bf5 11. Qd2 Na6 12. 0-0 0-0 13. Rfe1 Nc7 14. Rad1 Ne6 15. Be3 Qc7 16. Qc1 Rfd8 17. Bf3 a6 18. c5 Rf8 19. Bh6 Rad8 20. Bxg7 Kxg7 21. Qe3 Qc8 22. b4 Nc7 23. Nc4 Rfe8 24. Nb6 Qb8 25. Qe5 Kg8 26. Qe3 Bg4 27. Bxg4 Nxg4 28. Qf3 Nb5 29. Nxb5 Qh2+ 30. Kf1 Qxh4 31. g3 Qg5 32. Kg2 axb5 33. d5 h4 34. dxc6 bxc6 35. Qxc6 hxg3 36. fxg3 Ne3+ 37. Rxe3 Qxe3 38. Rd7 Qe2+ 39. Kg1 Qg4 40. Kg2 Qxb4 41. Nd5 Qe4+ 42. Kg1 Kg7 43. Rxe7 Qd4+ 44. Kg2 Rxe7 45. Nxe7 Qd2+ 46. Kh3 Rh8+ 47. Kg4 Qe2+ 48. Kf4 Qxe7 49. Qxb5 Rh5 50. Qb2+ Qf6+ 0-1

[Event "Moscow VAO IM 04"]
[Site "Moscow"]
[Date "2014.04.??"]
[Round "4"]
[White "Galyamov, Vildan"]
[Black "Galkin, Vladimir"]
[Result "1-0"]
[WhiteElo "2187"]
[BlackElo "2125"]
[PlyCount "55"]
[EventDate "2014.04.16"]
[EventType "tourn"]
[EventRounds "13"]
[EventCountry "RUS"]
[SourceTitle "EXT 2015"]
[Source "ChessBase"]
[SourceDate "2014.11.20"]
[SourceVersion "1"]
[SourceVersionDate "2014.11.20"]
[SourceQuality "1"]

1. e4 e5 2. Nf3 d6 3. d4 Qe7 4. dxe5 dxe5 5. b3 Bg4 6. h3 Qb4+ 7. Nbd2 Qc3 8. Rb1 Bxf3 9. Qxf3 Qxc2 10. Bd3 Qc6 11. 0-0 Nd7 12. Bb2 Bb4 13. Nc4 f6 14. Rbc1 Qe6 15. Ne3 c6 16. Nf5 Qf7 17. a3 Be7 18. Bc4 Qf8 19. Rfd1 h6 20. Be6 Rd8 21. b4 a6 22. Rd3 h5 23. Qg3 g5 24. Rcd1 Nb6 25. Rxd8+ Bxd8 26. Bxe5 fxe5 27. Qxe5 Nf6 28. Rxd8+ 1-0

[Event "Moscow op-A"]
[Site "Moscow"]
[Date "2009.02.06"]
[Round "7"]
[White "Gorin, Alexandr"]
[Black "Galkin, Vladimir"]
[Result "0-1"]
[WhiteElo "2004"]
[BlackElo "2194"]
[PlyCount "38"]
[EventDate "2009.01.31"]
[EventType "swiss"]
[EventRounds "9"]
[EventCountry "RUS"]
[SourceTitle "EXT 2023"]
[Source "ChessBase"]
[SourceDate "2022.10.05"]
[SourceVersion "1"]
[SourceVersionDate "2022.10.05"]
[SourceQuality "1"]

1. d4 d5 2. Nf3 Nf6 3. g3 c6 4. Bg2 Bg4 5. 0-0 e6 6. Ne5 Bh5 7. Nd3 Bd6 8. Nf4 Bg4 9. Nc3 0-0 10. f3 Bf5 11. e4 dxe4 12. Nxe4 Be7 13. c3 Nbd7 14. Qb3 Qc7 15. Nxf6+ Nxf6 16. g4 Bg6 17. Nxg6 hxg6 18. Be3 e5 19. d5 cxd5 0-1

[Event "Moscow Petrosian Memorial U18"]
[Site "Moscow"]
[Date "1998.??.??"]
[Round "?"]
[White "Kasymov, Oleg"]
[Black "Galkin, Vladimir"]
[Result "1-0"]
[WhiteElo "2250"]
[BlackElo "2215"]
[PlyCount "109"]
[EventDate "1998.??.??"]
[EventType "swiss"]
[EventRounds "9"]
[EventCountry "RUS"]
[SourceTitle "EXT 1999"]
[Source "ChessBase"]
[SourceDate "1998.11.16"]
[SourceVersion "1"]
[SourceVersionDate "1998.11.16"]
[SourceQuality "1"]

1. e4 c6 2. d4 d5 3. Nc3 dxe4 4. Nxe4 Bf5 5. Ng3 Bg6 6. h4 h6 7. Nf3 Nd7 8. h5 Bh7 9. Bd3 Bxd3 10. Qxd3 e6 11. Bd2 Ngf6 12. 0-0-0 Qc7 13. Ne4 c5 14. g3 c4 15. Nxf6+ Nxf6 16. Qe2 Bd6 17. Ne5 Bxe5 18. dxe5 Nd5 19. Rh4 Rc8 20. Rg4 c3 21. Qb5+ Kf8 22. Bxc3 Nxc3 23. Qb4+ Kg8 24. Qxc3 Qxc3 25. bxc3 Rc7 26. Rd8+ Kh7 27. Rxh8+ Kxh8 28. Kb2 Rc5 29. Re4 Rd5 30. f4 g6 31. hxg6 fxg6 32. Rd4 Rb5+ 33. Rb4 Rb6 34. Rxb6 axb6 35. Kb3 g5 36. fxg5 h5 37. c4 Kg7 38. c5 bxc5 39. Kc4 Kg6 40. Kxc5 Kxg5 41. Kd6 Kg4 42. Kxe6 Kxg3 43. Kf5 h4 44. e6 h3 45. e7 h2 46. e8Q h1Q 47. Qe3+ Qf3+ 48. Qxf3+ Kxf3 49. c4 Ke3 50. Ke5 Kd3 51. Kd5 Kc3 52. Kc5 Kb2 53. a4 Ka3 54. a5 Ka4 55. Kb6 1-0